Normal view
MARC view
- UNIVERSIDAD DE COLIMA
Entry Nombre Corporativo
001 - NÚMERO DE CONTROL
- campo de control: 26252
003 - IDENTIFICADOR DE NUMERO DE CONTROL
- campo de control: UPN
005 - FECHA Y HORA DE LA ÜLTIMA TRANSACCIÓN
- campo de control: 20210219194030.0
008 - DATOS DE LONGITUD FIJA
- campo de control de longitud fija: nabaccnnaabn|||||||||| b |nc|||||d
035 ## - NÚMERO DE CONTROL
- Número de control: UPN10000026261
040 ## - FUENTE DE CATALOGACIÓN
- Lenguaje de catalogación: SPA
- Agencia transcribe: UPN
053 #4 - NÚMERO DE CLASIFICACIÓN LC
- Classification number element--single number or beginning number of span: LE7.2531 C1.7-2.65
110 2# - ENCABEZAMIENTO - NOMBRE CORPORATIVO
- Nombre corporativo o de jurisdicción como elemento de entrada : UNIVERSIDAD DE COLIMA
670 ## - FUENTE EN LA QUE SE LOCALIZARON DATOS
- Cita de la fuente : E
- Información localizada: Universidad de Guanajuato
902 ## - CATALOGADOR
- Catalogador: MEEG/030197
